00525 a2200181 4500003000900000005001700009008004100026020002200067040001200089080001600101100001800117245008200135260004700217300001500264650002300279650001600302650002500318IN-BaIIA20260703153351.0260701b |||||||| |||| 00| 0 eng d a978-0-521-53780-3 cIIA LIB a530.12bPOI aPoisson, Eric aA relativist's toolkitbthe mathematics of black-hole mechanicscEric poisson aNew yorkbCambridge university pressc2007 axvi, 233p. aGeneral relativity aBlack holes aMathematical physics